语言与人生 (Record no. 69750)

000 -LEADER
fixed length control field 00533nam a22001817a 4500
003 - CONTROL NUMBER IDENTIFIER
control field MPLRDC
005 - DATE AND TIME OF LATEST TRANSACTION
control field 20220105061148.0
008 - FIXED-LENGTH DATA ELEMENTS--GENERAL INFORMATION
fixed length control field 210129b ||||| |||| 00| 0 eng d
020 ## - INTERNATIONAL STANDARD BOOK NUMBER
International Standard Book Number 978-986-344-082-6
082 ## - DEWEY DECIMAL CLASSIFICATION NUMBER
Classification number 801.6 HAY
100 ## - MAIN ENTRY--PERSONAL NAME
Personal name S.I.早川 S.I. HAYAKAWA、艾伦.R.早川 ALAN R. HAYAKAWA
245 ## - TITLE STATEMENT
Title 语言与人生
Statement of responsibility, etc. 林佩熹 译
250 ## - EDITION STATEMENT
Edition statement 初版
260 ## - PUBLICATION, DISTRIBUTION, ETC.
Place of publication, distribution, etc. 台湾
Name of publisher, distributor, etc. 麦田出版, 城邦文化事业股份有限公司
Date of publication, distribution, etc. 2014
300 ## - PHYSICAL DESCRIPTION
Other physical details
650 ## - SUBJECT ADDED ENTRY--TOPICAL TERM
Topical term or geographic name entry element 语义学;术语学
942 ## - ADDED ENTRY ELEMENTS (KOHA)
Koha item type New Book
-- 801.6 HAY

No items available.

© 2022. Malaysian Public Library, Research and Development Centre. All Right ReservedE-mailmplrdc@help.edu.my 

Powered by Koha